书目信息 |
| 000 | 00407nam0 2200169 45 | |
| 001 | 0006201577 | |
| 005 | 20000620150824.5 | |
| 010 | @d0.71元 | |
| 100 | @a20000620d km y0chiy0120 ea | |
| 101 | 0 | @achi |
| 105 | @a z 000yy | |
| 200 | 1 | @a固体物理学@AGu Ti Wu Li Xue |
| 215 | @a307页@d16开 | |
| 606 | 0 | @a固体物理学 |
| 690 | @aO48-42@v3 | |
| 801 | @aCN@bPftUser@c20000620 | |
| 905 | @b209359@dO48-42@eH708@f1 | |
| 固体物理学 |
| 307页;16开 |
| ISBN :0.71元 |
| ● |
| 相关链接 |
|
|
|
正题名:固体物理学
索取号:O48-42/H708
 
预约/预借
| 序号 | 登录号 | 条形码 | 馆藏地/架位号 | 状态 | 备注 |
| 1 | 209359 | 202093590 | 自科库401/401自科库 59排2列5层/ [索取号:O48-42/H708] | 在馆 |